Pla d'acció cultural de Collbató
Descripción Física:
71 p. : il. ; 30 cm
Colección:
Papers de treball ; 13
MARC
| LEADER | 00000nam a2200000Ia 4500 | ||
|---|---|---|---|
| 001 | 20908 | ||
| 008 | 160829s2005 xx 000 0 cat d | ||
| 080 | |a M-6-108 | ||
| 245 | |a Pla d'acció cultural de Collbató | ||
| 260 | |a Barcelona : |b Diputació de Barcelona. Àrea de Cultura : |b Ajuntament de Collbató, |c 2005 | ||
| 300 | |a 71 p. : |b il. ; |c 30 cm | ||
| 490 | |a Papers de treball ; 13 | ||
| 651 | 0 | |a Collbató (Catalunya) |x Política cultural |9 55181 | |
| 710 | 1 | |a Barcelona (Catalunya : Província). |b Àrea de Cultura |9 53536 | |
| 710 | 1 | |a Collbató (Catalunya). |b Ajuntament |9 55468 | |
| 901 | |a Arxiu | ||
| 942 | |n 1 | ||
| 952 | |0 0 |1 0 |4 0 |6 M6108 |7 1 |9 51597 |a Arxiu |b Arxiu |d 2016-12-01 |l 0 |o M-6-108 |p 20908 |r 2016-12-01 00:00:00 |w 2016-12-01 |y ARXIU | ||
| 999 | |c 55442 |d 55442 | ||